000 01390nam a22002297a 4500
999 _c60842
_d60842
003 Ge_BSU
005 20231106163212.0
008 231106s2020 ge ||||| |||| 00| 0 geo d
020 _a9789941820892
041 _ageo
080 _a821.512.161.09-91-343 ჯ-14
100 _aჯაველიძე, ელიზბარ
_917629
245 _aოდეს შავისგან თეთრის გამორჩევის ჟამი დადგება = Aklı karalı seçilen çağda :
_b(თურქული ფოლკლორის ესთეტიკა და მორალური მრწამსი). ტომი 1 /
_c ელიზბარ ჯაველიძე ; რედაქტორი ნ. ლ. ჯაველიძე.
264 _aთბილისი,
_c 2020.
300 _a344 გვ.;
_b25 სმ.
490 _aთურქულენოვან ხალხთა ზნეობრივ-ესთეტიკური სამყარო
653 _aთურქული ხალხური ეპოსი
700 _aჯაველიძე, ნ. ლ.
_eრედაქტორი
_920287
773 _tნაჩუქარი
856 _uhttps://dspace.nplg.gov.ge/bitstream/1234/322037/1/OdesShavisaganTetrisGamorchevisJamiDadgeba.pdf
_yელ. ვერსია. pdf
942 _2udc
_cᲬᲘᲒᲜᲘ